00706nam a22002177a 450000500170000001000130001702000220003003500130005203700160006504000120008108200170009310000210011024500880013126000400021927000550025930000240031450000410033865000440037965000440042370000210046720170124110010.0 aA-777215 c00.00a8170414075 aA-777215 bCen Lib/Ret aDPLbEN a378.068bVOH aVohra, Amrit Lal aManagement of higher education in India /cby Amrit Lal Vohra [and] Sita Ram Sharma aNew DelhibAnmol Publicationsc1990 bNew Delhia4378/4B, Ansari Road, Daryaganje110002 av,344p. :c18cm(Hb) aIncludes bibliographical references  aEducation, Higher -- India -- Planning. aEducation, Higher -- India -- Planning. aSharma, Sita Ram